00441nam a2200145 a 4500008004100000050001700041100002000058245007600078246002200154260004200176300001500218350000900233650001600242650003700258120416s1979 ||||||||||||||||| || u aHC 79.E5 Man aFoell, Wesley K10aManagement of energy and environment systemscedited by Wesley K. Foell amethod and cases. aChichesterbJohn Wiley and Sonsc1979 axvi, 487p. a0.00 aENVIRONMENT aENVIRONMENTAL ENERGY--MANAGEMENT